[Event "40th Women's Greek Championship"]
[Site "chess24.com"]
[Date "2018.01.03"]
[Round "2"]
[White "Skaraki, Antigoni"]
[Black "Pavlidou, Ekaterini"]
[Result "0-1"]
[Board "5"]
[WhiteElo "2013"]
[WhiteCountry "GRE"]
[WhiteFideId "4222970"]
[WhiteEloChange "-5"]
[BlackElo "2196"]
[BlackTitle "WIM"]
[BlackCountry "GRE"]
[BlackFideId "4213262"]
[BlackEloChange "5"]

1. e4 {[%clk 1:30:57]} c5 {[%clk 1:30:14]} 2. Na3 {[%clk 1:31:21]} Nc6 {[%clk
1:25:57]} 3. Bb5 {[%clk 1:31:42]} Qc7 {[%clk 1:24:03]} 4. Nf3 {[%clk 1:31:56]}
Nf6 {[%clk 1:21:05]} 5. Qe2 {[%clk 1:21:58]} a6 {[%clk 1:13:25]} 6. Bxc6 {[%clk
1:22:09]} dxc6 {[%clk 1:11:17]} 7. d3 {[%clk 1:07:55]} e5 {[%clk 1:03:32]} 8. h3
{[%clk 1:06:55]} Be7 {[%clk 1:01:50]} 9. O-O {[%clk 1:05:03]} h6 {[%clk 0:56:24]}
10. Nc4 {[%clk 0:59:41]} Nd7 {[%clk 0:54:50]} 11. Bd2 {[%clk 0:54:04]} a5 {[%clk
0:49:36]} 12. Bc3 {[%clk 0:49:44]} Bf6 {[%clk 0:47:24]} 13. a4 {[%clk 0:48:28]}
b6 {[%clk 0:44:36]} 14. b3 {[%clk 0:46:42]} Ba6 {[%clk 0:39:28]} 15. Ne3 {[%clk
0:46:25]} h5 {[%clk 0:36:02]} 16. Nd2 {[%clk 0:31:07]} Nf8 {[%clk 0:30:16]} 17.
f4 {[%clk 0:19:38]} exf4 {[%clk 0:28:10]} 18. e5 {[%clk 0:19:03]} Be7 {[%clk
0:18:25]} 19. Rxf4 {[%clk 0:13:59]} Ne6 {[%clk 0:18:45]} 20. Rff1 {[%clk
0:14:07]} g6 {[%clk 0:17:57]} 21. Rae1 {[%clk 0:09:49]} Rh7 {[%clk 0:15:14]} 22.
Qf3 {[%clk 0:06:06]} O-O-O {[%clk 0:11:24]} 23. Nec4 {[%clk 0:03:48]} Rd5 {[%clk
0:04:46]} 24. Ne4 {[%clk 0:02:31]} Bxc4 {[%clk 0:04:25]} 25. bxc4 {[%clk
0:03:00]} Rd8 {[%clk 0:01:15]} 26. Rb1 {[%clk 0:01:47]} Nd4 {[%clk 0:00:59]} 27.
Bxd4 {[%clk 0:01:54]} cxd4 {[%clk 0:01:27]} 28. Nf6 {[%clk 0:00:39]} Rhh8 {[%clk
0:01:21]} 29. Rb3 {[%clk 0:00:48]} Bb4 {[%clk 0:00:37]} 30. Rf2 {[%clk 0:00:38]}
Kb7 {[%clk 0:00:39]} 31. Ne4 {[%clk 0:00:51]} Rhf8 {[%clk 0:00:40]} 32. c5 {[%clk
0:00:50]} Qxe5 {[%clk 0:00:39]} 33. cxb6 {[%clk 0:00:57]} f5 {[%clk 0:00:41]} 34.
Ng5 {[%clk 0:00:35]} Rde8 {[%clk 0:00:58]} 35. Qf4 {[%clk 0:00:34]} Qxf4 {[%clk
0:01:05]} 36. Rxf4 {[%clk 0:01:03]} Bd2 {[%clk 0:01:19]} 37. Rf1 {[%clk 0:00:34]}
Bxg5 {[%clk 0:01:42]} 38. Kf2 {[%clk 0:00:45]} Re6 {[%clk 0:01:22]} 0-1

[Event "40th Individual Greek Women's Championship"]
[Site "?"]
[Date "2018.01.04"]
[Round "3.1"]
[White "Drakaki, Anna-Maria"]
[Black "Skaraki, Antigoni"]
[Result "1/2-1/2"]
[BlackElo "2013"]
[WhiteElo "1900"]
[LiveChessVersion "1.4.8"]

1. e4 {[%clk 1:30:54]} c5 {[%clk 1:30:55]} 2. Nf3 {[%clk 1:31:20]} d6
{[%clk 1:31:21]} 3. d4 {[%clk 1:31:45]} cxd4 {[%clk 1:31:48]} 4. Nxd4
{[%clk 1:32:10]} Nf6 {[%clk 1:32:14]} 5. Nc3 {[%clk 1:32:35]} Nc6
{[%clk 1:32:40]} 6. Bc4 {[%clk 1:32:31]} Qb6 {[%clk 1:32:59]} 7. Nb3
{[%clk 1:32:40]} e6 {[%clk 1:32:55]} 8. Bf4 {[%clk 1:33:04]} Ne5 {[%clk 1:30:54]}
9. Be2 {[%clk 1:33:27]} Be7 {[%clk 1:24:50]} 10. g4 {[%clk 1:33:26]} h6
{[%clk 1:11:53]} 11. h4 {[%clk 1:25:41]} Bd7 {[%clk 1:07:26]} 12. Be3
{[%clk 1:18:55]} Qc7 {[%clk 1:04:19]} 13. Qd4 {[%clk 1:18:03]} Rc8
{[%clk 0:52:42]} 14. f3 {[%clk 0:58:08]} a6 {[%clk 0:48:20]} 15. O-O-O
{[%clk 0:51:18]} b5 {[%clk 0:36:53]} 16. g5 {[%clk 0:44:19]} Nc6 {[%clk 0:34:05]}
17. Qd2 {[%clk 0:44:04]} Ng8 {[%clk 0:17:39]} 18. Bxb5 {[%clk 0:29:37]} axb5
{[%clk 0:08:48]} 19. Nxb5 {[%clk 0:30:01]} Qb8 {[%clk 0:09:11]} 20. Nxd6+
{[%clk 0:30:25]} Bxd6 {[%clk 0:09:38]} 21. Qxd6 {[%clk 0:23:57]} Qxd6
{[%clk 0:10:07]} 22. Rxd6 {[%clk 0:24:20]} Ne5 {[%clk 0:04:23]} 23. f4
{[%clk 0:10:59]} Nc4 {[%clk 0:04:47]} 24. Rd3 {[%clk 0:11:25]} Bc6
{[%clk 0:03:35]} 25. Nc5 {[%clk 0:07:08]} Nxe3 {[%clk 0:03:28]} 26. Rxe3
{[%clk 0:07:32]} Ne7 {[%clk 0:02:34]} 27. h5 {[%clk 0:06:05]} Nf5
{[%clk 0:00:53]} 28. Rc3 {[%clk 0:02:20]} Ke7 {[%clk 0:01:12]} 29. Re1
{[%clk 0:01:18]} Nd6 {[%clk 0:01:17]} 30. a4 {[%clk 0:01:38]} hxg5
{[%clk 0:01:19]} 31. fxg5 {[%clk 0:00:39]} Rxh5 {[%clk 0:01:47]} 32. e5
{[%clk 0:00:33]} Nb7 {[%clk 0:01:12]} 33. Ne4 {[%clk 0:00:38]} Bd7
{[%clk 0:00:54]} 34. Rxc8 {[%clk 0:00:53]} Bxc8 {[%clk 0:01:23]} 35. b4
{[%clk 0:01:05]} Bd7 {[%clk 0:01:03]} 36. a5 {[%clk 0:01:07]} Bb5
{[%clk 0:01:17]} 37. Nc3 {[%clk 0:01:08]} Bc4 {[%clk 0:01:18]} 38. Re4
{[%clk 0:01:06]} Bf1 {[%clk 0:00:43]} 39. Rf4 {[%clk 0:00:48]} Rh1
{[%clk 0:00:46]} 40. Kb2 {[%clk 0:31:12]} Rg1 {[%clk 0:30:42]} 41. Kb3
{[%clk 0:26:39]} Ba6 {[%clk 0:22:54]} 42. Ne4 {[%clk 0:20:16]} Rb1+
{[%clk 0:22:31]} 43. Ka3 {[%clk 0:19:43]} Rd1 {[%clk 0:16:30]} 44. Nc3
{[%clk 0:15:46]} Rg1 {[%clk 0:16:23]} 45. Ne4 {[%clk 0:15:34]} Rd1
{[%clk 0:05:49]} 46. Nc3 {[%clk 0:12:10]} 1/2-1/2

[Event "40th Individual Greek Women's Championship"]
[Site "?"]
[Date "2018.01.04"]
[Round "3.2"]
[White "Georgitsi, Antigoni"]
[Black "Markantonaki, Haritomeni"]
[Result "1-0"]
[BlackElo "2190"]
[WhiteElo "1804"]
[LiveChessVersion "1.4.8"]

1. e4 {[%clk 1:30:54]} d5 {[%clk 1:30:52]} 2. exd5 {[%clk 1:31:15]} Qxd5
{[%clk 1:31:16]} 3. Nc3 {[%clk 1:31:36]} Qd6 {[%clk 1:31:37]} 4. d4
{[%clk 1:31:37]} Nf6 {[%clk 1:31:54]} 5. Nf3 {[%clk 1:29:45]} Bg4
{[%clk 1:31:59]} 6. Be2 {[%clk 1:26:56]} e6 {[%clk 1:31:22]} 7. O-O
{[%clk 1:17:55]} c6 {[%clk 1:29:36]} 8. Ne5 {[%clk 1:17:34]} Bxe2
{[%clk 1:24:33]} 9. Qxe2 {[%clk 1:17:50]} Be7 {[%clk 1:19:20]} 10. Be3
{[%clk 1:11:48]} O-O {[%clk 1:17:20]} 11. f4 {[%clk 1:11:36]} Nbd7
{[%clk 1:10:01]} 12. g4 {[%clk 1:11:09]} Nb6 {[%clk 1:02:25]} 13. g5
{[%clk 1:06:10]} Nfd5 {[%clk 1:02:33]} 14. Ne4 {[%clk 1:02:56]} Qd8
{[%clk 0:59:16]} 15. Bd2 {[%clk 0:59:23]} f6 {[%clk 0:51:16]} 16. gxf6
{[%clk 0:55:10]} Nxf6 {[%clk 0:46:45]} 17. Ng5 {[%clk 0:50:53]} Qxd4+
{[%clk 0:41:50]} 18. Be3 {[%clk 0:50:47]} Qxb2 {[%clk 0:37:53]} 19. Nxe6
{[%clk 0:49:23]} Rfc8 {[%clk 0:37:46]} 20. Qg2 {[%clk 0:35:40]} Bf8
{[%clk 0:36:53]} 21. Bd4 {[%clk 0:33:03]} Qa3 {[%clk 0:33:00]} 22. Ng4
{[%clk 0:25:20]} Nxg4 {[%clk 0:23:08]} 23. Qxg4 {[%clk 0:25:09]} Qe7
{[%clk 0:22:44]} 24. f5 {[%clk 0:23:26]} h5 {[%clk 0:17:32]} 25. Qxh5
{[%clk 0:21:00]} Qf7 {[%clk 0:17:59]} 26. Qg4 {[%clk 0:18:20]} Re8
{[%clk 0:13:57]} 27. Ng5 {[%clk 0:14:54]} Qd5 {[%clk 0:09:37]} 28. Qh4
{[%clk 0:14:27]} 1-0

[Event "40th Individual Greek Women's Championship"]
[Site "?"]
[Date "2018.01.04"]
[Round "3.3"]
[White "Makka, Ioulia"]
[Black "Louka, Magdalini"]
[Result "1-0"]
[BlackElo "1792"]
[WhiteElo "2167"]
[LiveChessVersion "1.4.8"]

1. e4 {[%clk 1:30:36]} c5 {[%clk 1:30:55]} 2. Nf3 {[%clk 1:30:45]} d6
{[%clk 1:31:19]} 3. d4 {[%clk 1:30:20]} cxd4 {[%clk 1:31:38]} 4. Nxd4
{[%clk 1:30:44]} Nf6 {[%clk 1:31:54]} 5. Nc3 {[%clk 1:30:47]} g6 {[%clk 1:31:48]}
6. h3 {[%clk 1:22:22]} Bg7 {[%clk 1:30:17]} 7. Be3 {[%clk 1:20:29]} Nc6
{[%clk 1:28:29]} 8. g4 {[%clk 1:07:03]} O-O {[%clk 1:21:50]} 9. Bg2
{[%clk 1:06:13]} Rb8 {[%clk 1:14:32]} 10. O-O {[%clk 0:59:32]} a6
{[%clk 1:05:04]} 11. a4 {[%clk 0:58:09]} Nxd4 {[%clk 1:01:38]} 12. Bxd4
{[%clk 0:58:31]} h5 {[%clk 0:50:24]} 13. Bxf6 {[%clk 0:42:10]} Bxf6
{[%clk 0:50:26]} 14. gxh5 {[%clk 0:40:31]} g5 {[%clk 0:45:22]} 15. Ra3
{[%clk 0:27:34]} Be6 {[%clk 0:39:29]} 16. Qd2 {[%clk 0:23:18]} Qa5
{[%clk 0:31:20]} 17. Rd1 {[%clk 0:21:21]} Qe5 {[%clk 0:25:10]} 18. Re1
{[%clk 0:15:03]} b5 {[%clk 0:18:47]} 19. axb5 {[%clk 0:14:34]} axb5
{[%clk 0:19:12]} 20. Nd1 {[%clk 0:13:17]} Qf4 {[%clk 0:16:22]} 21. Qxf4
{[%clk 0:06:12]} gxf4 {[%clk 0:16:47]} 22. Kh2 {[%clk 0:05:17]} Be5
{[%clk 0:15:40]} 23. Bf3 {[%clk 0:04:06]} Kh7 {[%clk 0:14:47]} 24. Ra7
{[%clk 0:03:30]} Rfc8 {[%clk 0:11:39]} 25. c3 {[%clk 0:02:50]} Bf6
{[%clk 0:10:34]} 26. Rg1 {[%clk 0:02:33]} b4 {[%clk 0:09:43]} 27. Bg4
{[%clk 0:01:36]} bxc3 {[%clk 0:08:10]} 28. bxc3 {[%clk 0:01:24]} Rb1
{[%clk 0:06:56]} 29. Be2 {[%clk 0:00:38]} Rg8 {[%clk 0:05:05]} 30. e5
{[%clk 0:00:35]} Rxg1 {[%clk 0:01:12]} 31. Kxg1 {[%clk 0:00:35]} Rxd1+
{[%clk 0:00:41]} 32. Bxd1 {[%clk 0:00:54]} dxe5 {[%clk 0:00:58]} 33. Bg4
{[%clk 0:00:57]} Bxg4 {[%clk 0:01:08]} 34. hxg4 {[%clk 0:01:20]} e4
{[%clk 0:01:00]} 35. c4 {[%clk 0:01:26]} e3 {[%clk 0:00:56]} 36. fxe3
{[%clk 0:01:35]} fxe3 {[%clk 0:01:20]} 37. Kf1 {[%clk 0:01:42]} Kg7
{[%clk 0:01:37]} 38. Ke2 {[%clk 0:01:50]} 1-0

[Event "40th Individual Greek Women's Championship"]
[Site "?"]
[Date "2018.01.04"]
[Round "3.4"]
[White "Nikolaidou, Eleni"]
[Black "Vozinaki, Anthi - Maria"]
[Result "1-0"]
[BlackElo "1964"]
[WhiteElo "1734"]
[LiveChessVersion "1.4.8"]

1. d4 {[%clk 1:30:49]} Nf6 {[%clk 1:30:48]} 2. Nf3 {[%clk 1:31:12]} c5
{[%clk 1:30:31]} 3. e3 {[%clk 1:30:01]} g6 {[%clk 1:27:27]} 4. b3
{[%clk 1:19:41]} Bg7 {[%clk 1:25:15]} 5. Bb2 {[%clk 1:20:01]} O-O
{[%clk 1:20:49]} 6. Bd3 {[%clk 1:18:52]} cxd4 {[%clk 1:18:25]} 7. exd4
{[%clk 1:18:59]} d5 {[%clk 1:17:59]} 8. O-O {[%clk 1:16:59]} Nc6 {[%clk 1:15:13]}
9. Ne5 {[%clk 1:06:16]} Qb6 {[%clk 1:09:19]} 10. Nxc6 {[%clk 1:05:30]} bxc6
{[%clk 1:09:07]} 11. Re1 {[%clk 0:59:14]} Re8 {[%clk 1:00:38]} 12. a4
{[%clk 0:48:19]} Ng4 {[%clk 0:55:43]} 13. Be2 {[%clk 0:44:44]} Nh6
{[%clk 0:54:40]} 14. a5 {[%clk 0:44:16]} Qc7 {[%clk 0:53:53]} 15. Nd2
{[%clk 0:23:08]} Nf5 {[%clk 0:48:08]} 16. Nf3 {[%clk 0:20:22]} c5
{[%clk 0:37:38]} 17. c4 {[%clk 0:16:06]} dxc4 {[%clk 0:32:48]} 18. Bxc4
{[%clk 0:16:21]} Bb7 {[%clk 0:28:20]} 19. Ne5 {[%clk 0:10:21]} Nd6
{[%clk 0:25:03]} 20. Qc2 {[%clk 0:09:02]} Rac8 {[%clk 0:11:36]} 21. a6
{[%clk 0:08:54]} Ba8 {[%clk 0:10:33]} 22. Rac1 {[%clk 0:08:52]} e6
{[%clk 0:06:24]} 23. Bd3 {[%clk 0:06:54]} f6 {[%clk 0:05:01]} 24. Ng4
{[%clk 0:05:01]} Qc6 {[%clk 0:04:59]} 25. f3 {[%clk 0:04:38]} cxd4
{[%clk 0:04:43]} 26. Qxc6 {[%clk 0:04:55]} Rxc6 {[%clk 0:03:28]} 27. Rxc6
{[%clk 0:05:04]} Bxc6 {[%clk 0:03:54]} 28. Bxd4 {[%clk 0:05:03]} f5
{[%clk 0:03:10]} 29. Ne5 {[%clk 0:02:37]} Bb5 {[%clk 0:03:07]} 30. Bxb5
{[%clk 0:01:59]} Nxb5 {[%clk 0:03:33]} 31. Bc5 {[%clk 0:01:24]} Rc8
{[%clk 0:00:40]} 32. b4 {[%clk 0:01:44]} Nc7 {[%clk 0:00:32]} 33. Nc6
{[%clk 0:01:38]} Re8 {[%clk 0:00:46]} 34. Bxa7 {[%clk 0:01:14]} Kf7
{[%clk 0:00:32]} 35. Rd1 {[%clk 0:01:19]} Kf6 {[%clk 0:00:32]} 36. Bd4+
{[%clk 0:00:51]} e5 {[%clk 0:00:42]} 37. Nxe5 {[%clk 0:00:50]} Nxa6
{[%clk 0:00:35]} 38. b5 {[%clk 0:00:40]} Nc7 {[%clk 0:00:42]} 39. b6
{[%clk 0:00:43]} Ne6 {[%clk 0:00:52]} 40. Nd7+ {[%clk 0:30:37]} Ke7
{[%clk 0:30:59]} 41. Bxg7 {[%clk 0:28:21]} Nxg7 {[%clk 0:31:25]} 42. b7
{[%clk 0:28:25]} 1-0

[Event "40th Individual Greek Women's Championship"]
[Site "?"]
[Date "2018.01.04"]
[Round "3.5"]
[White "Pavlidou, Ekaterini"]
[Black "Makka, Evanthia"]
[Result "1-0"]
[BlackElo "2092"]
[WhiteElo "2196"]
[LiveChessVersion "1.4.8"]

1. d4 {[%clk 1:30:51]} d5 {[%clk 1:29:30]} 2. c4 {[%clk 1:30:53]} e6
{[%clk 1:29:31]} 3. Nc3 {[%clk 1:31:04]} Nf6 {[%clk 1:29:42]} 4. cxd5
{[%clk 1:31:12]} exd5 {[%clk 1:29:29]} 5. Bg5 {[%clk 1:31:15]} c6
{[%clk 1:25:51]} 6. e3 {[%clk 1:31:24]} Bf5 {[%clk 1:23:51]} 7. Qf3
{[%clk 1:30:25]} Bg6 {[%clk 1:19:57]} 8. Bxf6 {[%clk 1:30:43]} Qxf6
{[%clk 1:18:32]} 9. Qxf6 {[%clk 1:31:04]} gxf6 {[%clk 1:19:00]} 10. Nf3
{[%clk 1:30:26]} Nd7 {[%clk 1:18:30]} 11. Nh4 {[%clk 1:29:18]} Bd6
{[%clk 1:12:24]} 12. g3 {[%clk 1:26:07]} O-O {[%clk 1:03:28]} 13. f4
{[%clk 1:22:23]} Be4 {[%clk 0:57:03]} 14. Nxe4 {[%clk 1:22:05]} dxe4
{[%clk 0:57:25]} 15. Nf5 {[%clk 1:20:29]} Bb4+ {[%clk 0:57:36]} 16. Kf2
{[%clk 1:20:51]} Rfe8 {[%clk 0:57:30]} 17. a3 {[%clk 1:14:29]} Bf8
{[%clk 0:57:33]} 18. Be2 {[%clk 1:03:09]} Nb6 {[%clk 0:56:38]} 19. Rac1
{[%clk 1:03:11]} Rad8 {[%clk 0:53:49]} 20. g4 {[%clk 1:01:47]} Nc8
{[%clk 0:50:07]} 21. h4 {[%clk 0:58:51]} Rd5 {[%clk 0:46:09]} 22. Ng3
{[%clk 0:55:29]} Nd6 {[%clk 0:42:34]} 23. Rc5 {[%clk 0:52:14]} Nc8
{[%clk 0:36:14]} 24. Rc2 {[%clk 0:43:21]} Nd6 {[%clk 0:36:15]} 25. Rhc1
{[%clk 0:36:43]} Nc8 {[%clk 0:30:01]} 26. Bc4 {[%clk 0:31:11]} Rd7
{[%clk 0:29:03]} 27. g5 {[%clk 0:30:03]} fxg5 {[%clk 0:27:00]} 28. hxg5
{[%clk 0:29:43]} Nb6 {[%clk 0:27:09]} 29. Bf1 {[%clk 0:28:22]} Rd6
{[%clk 0:22:32]} 30. Bg2 {[%clk 0:26:58]} Rde6 {[%clk 0:21:05]} 31. f5
{[%clk 0:24:27]} R6e7 {[%clk 0:20:50]} 32. Rh1 {[%clk 0:18:05]} Nd5
{[%clk 0:17:58]} 33. f6 {[%clk 0:16:11]} Re6 {[%clk 0:18:23]} 34. Bh3
{[%clk 0:16:28]} Rd6 {[%clk 0:16:43]} 35. Bf5 {[%clk 0:15:04]} Nxf6
{[%clk 0:16:39]} 36. gxf6 {[%clk 0:15:10]} Rxf6 {[%clk 0:17:05]} 37. Kg2
{[%clk 0:15:02]} h6 {[%clk 0:15:47]} 38. Rf2 {[%clk 0:14:58]} Kh8
{[%clk 0:15:23]} 39. Nxe4 {[%clk 0:14:06]} Rxf5 {[%clk 0:15:11]} 40. Rxf5
{[%clk 0:44:31]} Rxe4 {[%clk 0:45:33]} 41. Rxf7 {[%clk 0:44:53]} Kg8
{[%clk 0:45:54]} 42. Rxb7 {[%clk 0:43:05]} Rxe3 {[%clk 0:46:15]} 43. Kf2
{[%clk 0:43:02]} Re4 {[%clk 0:46:15]} 44. Kf3 {[%clk 0:41:29]} Re6
{[%clk 0:44:58]} 45. Rxa7 {[%clk 0:41:17]} Bd6 {[%clk 0:44:20]} 46. a4
{[%clk 0:39:19]} c5 {[%clk 0:41:55]} 47. dxc5 {[%clk 0:39:23]} Bxc5
{[%clk 0:42:18]} 48. Rc7 {[%clk 0:39:24]} Bb6 {[%clk 0:42:12]} 49. Rb7
{[%clk 0:37:59]} Re3+ {[%clk 0:41:14]} 50. Kg4 {[%clk 0:38:21]} Re6
{[%clk 0:41:10]} 51. Rc1 {[%clk 0:36:12]} 1-0

[Event "40th Individual Greek Women's Championship"]
[Site "?"]
[Date "2018.01.05"]
[Round "4.1"]
[White "Skaraki, Antigoni"]
[Black "Makka, Evanthia"]
[Result "1/2-1/2"]
[BlackElo "2092"]
[WhiteElo "2013"]
[LiveChessVersion "1.4.8"]

1. e4 {[%clk 1:30:58]} c6 {[%clk 1:30:32]} 2. d4 {[%clk 1:31:19]} d5
{[%clk 1:30:58]} 3. exd5 {[%clk 1:31:42]} cxd5 {[%clk 1:31:20]} 4. c4
{[%clk 1:31:47]} Nf6 {[%clk 1:29:14]} 5. Nc3 {[%clk 1:32:09]} g6 {[%clk 1:29:04]}
6. c5 {[%clk 1:24:09]} Bg7 {[%clk 1:21:25]} 7. h3 {[%clk 1:21:08]} O-O
{[%clk 1:13:13]} 8. Nf3 {[%clk 1:21:16]} b6 {[%clk 1:01:30]} 9. b4
{[%clk 1:10:17]} a5 {[%clk 0:55:53]} 10. Na4 {[%clk 1:09:25]} Nfd7
{[%clk 0:47:40]} 11. a3 {[%clk 0:57:44]} axb4 {[%clk 0:43:41]} 12. cxb6
{[%clk 0:50:31]} bxa3 {[%clk 0:35:52]} 13. Qb3 {[%clk 0:45:45]} Nc6
{[%clk 0:27:54]} 14. Qxd5 {[%clk 0:28:07]} Rxa4 {[%clk 0:11:42]} 15. Qxc6
{[%clk 0:23:38]} Nxb6 {[%clk 0:11:49]} 16. Rxa3 {[%clk 0:15:31]} Rxa3
{[%clk 0:09:10]} 17. Bxa3 {[%clk 0:16:00]} Bxd4 {[%clk 0:07:21]} 18. Be2
{[%clk 0:11:44]} Bd7 {[%clk 0:05:40]} 19. Qc1 {[%clk 0:12:10]} Bf6
{[%clk 0:05:38]} 20. O-O {[%clk 0:12:23]} Qa8 {[%clk 0:05:21]} 21. Bb2
{[%clk 0:10:15]} Bxb2 {[%clk 0:05:16]} 22. Qxb2 {[%clk 0:10:44]} Nd5
{[%clk 0:05:15]} 23. Ne5 {[%clk 0:09:38]} Be6 {[%clk 0:04:50]} 24. Ra1
{[%clk 0:08:41]} Qd8 {[%clk 0:04:03]} 25. Bf3 {[%clk 0:02:10]} Qd6
{[%clk 0:01:52]} 26. Bxd5 {[%clk 0:01:29]} Qxd5 {[%clk 0:02:00]} 27. Nf3
{[%clk 0:00:47]} Bxh3 {[%clk 0:01:57]} 28. Ra7 {[%clk 0:00:48]} Bg4
{[%clk 0:02:00]} 29. Nd4 {[%clk 0:00:43]} e5 {[%clk 0:01:17]} 30. Nc2
{[%clk 0:00:41]} Qd1+ {[%clk 0:01:17]} 31. Kh2 {[%clk 0:01:09]} Qe2
{[%clk 0:01:30]} 32. Rc7 {[%clk 0:00:38]} Bf5 {[%clk 0:01:30]} 33. f3 e4
{[%clk 0:01:04]} 34. Qb3 {[%clk 0:00:39]} Qf2 {[%clk 0:01:07]} 35. Qe3
{[%clk 0:00:34]} Qh4+ {[%clk 0:01:19]} 36. Kg1 {[%clk 0:00:59]} Qg3
{[%clk 0:01:20]} 37. f4 {[%clk 0:00:35]} Qg4 {[%clk 0:01:12]} 38. Nd4
{[%clk 0:00:38]} Qd1+ {[%clk 0:00:54]} 39. Kh2 {[%clk 0:01:07]} Qh5+
{[%clk 0:00:53]} 40. Kg1 {[%clk 0:31:34]} Rd8 {[%clk 0:30:41]} 41. Qb3
{[%clk 0:20:22]} Rf8 {[%clk 0:14:48]} 42. Nc6 {[%clk 0:17:45]} Be6
{[%clk 0:13:23]} 43. Qb2 {[%clk 0:08:55]} h6 {[%clk 0:03:39]} 44. Qf6
{[%clk 0:05:16]} Qc5+ {[%clk 0:03:21]} 45. Kh2 {[%clk 0:04:45]} Qh5+
{[%clk 0:02:44]} 46. Kg1 {[%clk 0:05:12]} Qc5+ {[%clk 0:03:05]} 47. Kh2
{[%clk 0:05:39]} Qh5+ {[%clk 0:03:22]} 48. Kg1 {[%clk 0:02:16]} Qc5+
{[%clk 0:03:42]} 1/2-1/2

[Event "40th Individual Greek Women's Championship"]
[Site "?"]
[Date "2018.01.05"]
[Round "4.2"]
[White "Vozinaki, Anthi - Maria"]
[Black "Pavlidou, Ekaterini"]
[Result "1/2-1/2"]
[BlackElo "2196"]
[WhiteElo "1964"]
[LiveChessVersion "1.4.8"]

1. e4 {[%clk 1:30:57]} e5 {[%clk 1:30:26]} 2. Nc3 {[%clk 1:31:06]} Nc6
{[%clk 1:28:53]} 3. Bc4 {[%clk 1:31:18]} Bc5 {[%clk 1:27:37]} 4. d3
{[%clk 1:30:33]} d6 {[%clk 1:25:54]} 5. f4 {[%clk 1:25:43]} Nf6 {[%clk 1:13:55]}
6. Nf3 {[%clk 1:23:46]} h6 {[%clk 1:11:45]} 7. Na4 {[%clk 1:20:43]} Bb6
{[%clk 1:08:14]} 8. Nxb6 {[%clk 1:14:56]} axb6 {[%clk 1:07:55]} 9. Be3
{[%clk 1:06:32]} Qe7 {[%clk 1:05:42]} 10. O-O {[%clk 0:59:47]} Na5
{[%clk 0:53:39]} 11. Bb3 {[%clk 0:51:23]} Nxb3 {[%clk 0:53:45]} 12. axb3
{[%clk 0:51:03]} Rxa1 {[%clk 0:54:07]} 13. Qxa1 {[%clk 0:51:28]} Ng4
{[%clk 0:45:19]} 14. Bd2 {[%clk 0:47:15]} exf4 {[%clk 0:44:24]} 15. Bxf4
{[%clk 0:42:56]} O-O {[%clk 0:43:37]} 16. Qe1 {[%clk 0:33:30]} f5
{[%clk 0:34:47]} 17. exf5 {[%clk 0:27:13]} Qxe1 {[%clk 0:34:07]} 18. Rxe1
{[%clk 0:27:22]} Bxf5 {[%clk 0:33:38]} 19. h3 {[%clk 0:24:19]} Nf6
{[%clk 0:33:50]} 20. Nd4 {[%clk 0:19:51]} Bd7 {[%clk 0:33:53]} 21. Ra1
{[%clk 0:17:53]} Nd5 {[%clk 0:32:33]} 22. Bd2 {[%clk 0:15:02]} c5
{[%clk 0:30:02]} 23. Ne2 {[%clk 0:14:11]} Re8 {[%clk 0:26:21]} 24. Kf2
{[%clk 0:13:13]} Rf8+ {[%clk 0:22:24]} 25. Kg3 {[%clk 0:11:43]} Re8
{[%clk 0:22:50]} 26. Kf2 {[%clk 0:12:00]} Rf8+ {[%clk 0:22:58]} 27. Kg3
{[%clk 0:12:25]} Re8 {[%clk 0:23:23]} 28. Kf2 Rf8+ 1/2-1/2

[Event "40th Individual Greek Women's Championship"]
[Site "?"]
[Date "2018.01.05"]
[Round "4.3"]
[White "Louka, Magdalini"]
[Black "Nikolaidou, Eleni"]
[Result "1-0"]
[BlackElo "1734"]
[WhiteElo "1792"]
[LiveChessVersion "1.4.8"]

1. e4 {[%clk 1:30:56]} c6 {[%clk 1:30:44]} 2. d4 {[%clk 1:31:20]} d5
{[%clk 1:31:08]} 3. exd5 {[%clk 1:31:32]} cxd5 {[%clk 1:31:24]} 4. Bd3
{[%clk 1:31:53]} Nc6 {[%clk 1:31:22]} 5. c3 {[%clk 1:32:15]} Nf6 {[%clk 1:30:53]}
6. h3 {[%clk 1:32:31]} e6 {[%clk 1:30:55]} 7. Nf3 {[%clk 1:32:31]} Bd6
{[%clk 1:26:09]} 8. O-O {[%clk 1:31:37]} Qc7 {[%clk 1:22:01]} 9. Re1
{[%clk 1:28:41]} h6 {[%clk 1:16:48]} 10. Nbd2 {[%clk 1:27:24]} a6
{[%clk 1:13:37]} 11. a4 {[%clk 1:26:32]} b6 {[%clk 1:05:53]} 12. Nf1
{[%clk 1:11:15]} Bb7 {[%clk 1:03:13]} 13. Qc2 {[%clk 0:54:09]} g5
{[%clk 0:53:42]} 14. Ne3 {[%clk 0:47:40]} Ne4 {[%clk 0:32:18]} 15. Nc4
{[%clk 0:32:21]} dxc4 {[%clk 0:23:11]} 16. Bxe4 {[%clk 0:32:41]} O-O-O
{[%clk 0:22:45]} 17. d5 {[%clk 0:28:27]} exd5 {[%clk 0:21:34]} 18. Bxd5
{[%clk 0:27:33]} Bh2+ {[%clk 0:18:34]} 19. Nxh2 {[%clk 0:27:53]} Rxd5
{[%clk 0:18:57]} 20. Be3 {[%clk 0:27:50]} f5 {[%clk 0:14:03]} 21. Nf3
{[%clk 0:27:29]} f4 {[%clk 0:10:37]} 22. Bd4 {[%clk 0:27:52]} Nxd4
{[%clk 0:08:06]} 23. Nxd4 {[%clk 0:28:11]} Re5 {[%clk 0:04:14]} 24. Qg6
{[%clk 0:25:37]} h5 {[%clk 0:01:33]} 25. Rxe5 {[%clk 0:18:41]} Qxe5
{[%clk 0:01:55]} 26. Qxb6 {[%clk 0:18:54]} Qd5 {[%clk 0:01:25]} 27. Qe6+
{[%clk 0:18:47]} Qxe6 {[%clk 0:01:25]} 28. Nxe6 {[%clk 0:19:14]} h4
{[%clk 0:00:51]} 29. Nc5 {[%clk 0:17:44]} Bc6 {[%clk 0:01:02]} 30. Nxa6
{[%clk 0:17:48]} f3 {[%clk 0:01:06]} 31. Nb4 {[%clk 0:17:44]} Ba8
{[%clk 0:00:54]} 32. gxf3 {[%clk 0:17:52]} Rf8 {[%clk 0:00:44]} 33. Re1
{[%clk 0:16:38]} Kd8 {[%clk 0:00:46]} 34. Re5 {[%clk 0:16:27]} Rxf3
{[%clk 0:00:49]} 35. Rxg5 {[%clk 0:15:59]} Kc7 {[%clk 0:00:31]} 36. Rc5+
{[%clk 0:12:40]} Kb6 {[%clk 0:00:44]} 37. Rb5+ {[%clk 0:12:18]} Ka7
{[%clk 0:00:36]} 38. Nd5 {[%clk 0:11:08]} Rxh3 {[%clk 0:00:41]} 39. f4
{[%clk 0:11:12]} Rd3 {[%clk 0:00:42]} 40. Ne7 {[%clk 0:40:21]} Rg3+
{[%clk 0:30:34]} 41. Kh2 {[%clk 0:39:56]} Bb7 {[%clk 0:29:40]} 42. f5
{[%clk 0:35:38]} Rf3 {[%clk 0:27:31]} 43. Ng6 {[%clk 0:33:40]} h3
{[%clk 0:22:01]} 44. Nh4 {[%clk 0:33:24]} Rf4 {[%clk 0:16:12]} 45. Kxh3
{[%clk 0:32:53]} Bc6 {[%clk 0:16:35]} 46. Re5 {[%clk 0:31:32]} Rf2
{[%clk 0:11:32]} 47. Kg3 {[%clk 0:30:48]} Rxb2 {[%clk 0:11:50]} 48. f6
{[%clk 0:30:51]} Rb7 {[%clk 0:08:54]} 49. a5 {[%clk 0:23:57]} Rf7
{[%clk 0:08:42]} 50. Re6 {[%clk 0:23:31]} Bd5 {[%clk 0:06:06]} 51. Rd6
{[%clk 0:21:31]} Bb7 {[%clk 0:05:10]} 52. Ng6 {[%clk 0:21:27]} Rh7
{[%clk 0:02:49]} 53. Ne5 {[%clk 0:20:12]} Rh5 {[%clk 0:01:18]} 54. f7
{[%clk 0:18:13]} 1-0